KOHA-Header-6

Principles of Microwave Technology (Record no. 9248)

000 -LEADER
fixed length control field 00278nam a2200109Ia 4500
100 ## - MAIN ENTRY--AUTHOR NAME
Personal name Stephen C. Harsany
245 #0 - TITLE STATEMENT
Title Principles of Microwave Technology
260 ## - PUBLICATION, DISTRIBUTION, ETC. (IMPRINT)
Place of publication New Delhi
Name of publisher Bantam Books
Year of publication 2000
300 ## - PHYSICAL DESCRIPTION
Number of Pages 708
942 ## - ADDED ENTRY ELEMENTS (KOHA)
Koha item type Books
Holdings
Withdrawn status Lost status Collection code Permanent Location Current Location Shelving location Date acquired Full call number Accession Number Koha item type
    Electrical Engineering MAJU MAJU   2019-09-14 519.5 4780 Electrical Engineering

Powered by Koha